Principle of cor (Record no. 12273)
[ view plain ]
| 000 -LEADER | |
|---|---|
| fixed length control field | 00200nam a2200097 4500 |
| 020 ## - INTERNATIONAL STANDARD BOOK NUMBER | |
| International Standard Book Number | 978813150487 |
| 082 ## - DEWEY DECIMAL CLASSIFICATION NUMBER | |
| Classification number | 658.15 MEG |
| 100 ## - MAIN ENTRY--PERSONAL NAME | |
| Personal name | Megginson, Willia L. |
| 245 ## - TITLE STATEMENT | |
| Title | Principle of cor |
| 942 ## - ADDED ENTRY ELEMENTS (KOHA) | |
| Koha item type | Books |
No items available.
